Revealing the Holy Land : the photographic exploration of Palestine /

محفوظ في:

المؤلف الرئيسي: Howe, Kathleen Stewart

التنسيق: كتاب

اللغة: Undetermined

منشور في: Berkeley : University of California Press, 1997.

الموضوعات:

الوسوم: إضافة وسم

لا توجد وسوم, كن أول من يضع وسما على هذه التسجيلة!

رقم الطلب: (L)TR113 .I75 H68

LEADER 00752nam a2200193Ia 4500
003 OSt
005 20221017121433.0
008 220401s9999||||xx |||||||||||||| ||und||
952 |0 0  |1 0  |2 lcc  |4 0  |7 1  |9 39317  |a ARCE  |b ARCE  |d 2022-10-17  |l 0  |o (L)TR113 .I75 H68  |p 1025580  |r 2022-04-01 00:00:00  |w 2022-04-01  |y BK 
999 |c 46898  |d 46898 
020 |a 899510949 
050 4 |a (L)TR113 .I75 H68 
100 1 |a Howe, Kathleen Stewart 
245 1 0 |a Revealing the Holy Land :  |b the photographic exploration of Palestine /  |c Kathleen Stewart Howe. 
264 1 |a Berkeley :  |b University of California Press,  |c 1997. 
300 |a 144p. :  |b ill.,maps ;  |c 29cm. 
500 |a includes bibliographical references and index. 
650 1 4 |a Photography Palestine History 19th century. 
942 |2 lcc  |c BK